[Event "Is Bankasi Online Satranc Turn.13-14 Yas"]
[Site "T#645826Mustafa Kemal"]
[Date "2020.05.08"]
[Round "4"]
[White "Oguzhansenturk38"]
[Black "Hakanyuceturk58"]
[Result "0-1"]
[WhiteElo "970"]
[BlackElo "1520"]
[Annotator "NA RC"]
[PlyCount "72"]
[EventDate "2020.05.08"]
[EventType "swiss (blitz)"]

1. e4 {[%emt 0:00:02]} d6 {[%emt 0:00:02]} 2. d4 {[%emt 0:00:02]} g6 {[%emt 0:00:01]} 3. Nc3 {[%emt 0:00:02]} Bg7 {[%emt 0:00:01]} 4. Nf3 {[%emt 0:00:02]} a6 {[%emt 0:00:01]} 5. Bc4 {[%emt 0:00:06]} b5 {[%emt 0:00:01]} 6. Bd3 {[%emt 0:00:05]} Bb7 {[%emt 0:00:02]} 7. O-O {[%emt 0:00:02]} Nd7 {[%emt 0:00:02]} 8. Be3 {[%emt 0:00:17]} Rc8 {[%emt 0:00:05]} 9. Qe1 {[%emt 0:00:04]} c5 {[%emt 0:00:02]} 10. Rd1 {[%emt 0:00:03]} Ngf6 {[%emt 0:00:06]} 11. a3 {[%emt 0:00:04]} c4 {[%emt 0:00:04]} 12. Be2 {[%emt 0:00:07]} Nxe4 {[%emt 0:00:02]} 13. Nxe4 {[%emt 0:00:03]} Bxe4 {[%emt 0:00:03]} 14. c3 {[%emt 0:00:06]} Nb6 {[%emt 0:00:08]} 15. Ng5 {[%emt 0:00:06]} Bf5 {[%emt 0:00:07]} 16. g4 {[%emt 0:00:11]} Bc2 {[%emt 0:00:06]} 17. Rd2 {[%emt 0:00:09]} Bb3 {[%emt 0:00:03]} 18. h3 {[%emt 0:00:13]} Nd5 {[%emt 0:00:03]} 19. f3 {[%emt 0:00:08]} Nxe3 {[%emt 0:00:05]} 20. Qf2 {[%emt 0:00:11]} Nxf1 {[%emt 0:00:05]} 21. Kxf1 {[%emt 0:00:06]} Bh6 {[%emt 0:00:02]} 22. Ne4 {[%emt 0:00:11]} Bxd2 {[%emt 0:00:03]} 23. Nxd2 {[%emt 0:00:03]} O-O {[%emt 0:00:02]} 24. f4 {[%emt 0:00:07]} Qb6 {[%emt 0:00:07]} 25. f5 {[%emt 0:00:11]} Qb7 {[%emt 0:00:15]} 26. g5 {[%emt 0:00:25]} Qh1+ {[%emt 0:00:08]} 27. Qg1 {[%emt 0:00:10]} Qxg1+ {[%emt 0:00:01]} 28. Kxg1 {[%emt 0:00:01]} Bc2 {[%emt 0:00:02]} 29. Bg4 {[%emt 0:00:07]} Bxf5 {[%emt 0:00:05]} 30. Bf3 {[%emt 0:00:09]} e5 {[%emt 0:00:04]} 31. b4 {[%emt 0:00:03]} exd4 {[%emt 0:00:02]} 32. cxd4 {[%emt 0:00:03]} c3 {[%emt 0:00:01]} 33. Nb3 {[%emt 0:00:05]} c2 {[%emt 0:00:01]} 34. Bb7 {[%emt 0:00:11]} Rc3 {[%emt 0:00:03]} 35. Nd2 {[%emt 0:00:09]} c1=Q+ {[%emt 0:00:02]} 36. Kf2 {[%emt 0:00:06]} Qxd2+ {[%emt 0:00:01] Zaman (Lag: Av=0.59s, max=2.5s)} 0-1